Educational psychology: (Record no. 14898)

MARC details
000 -LEADER
fixed length control field 00620nam a22002297a 4500
003 - CONTROL NUMBER IDENTIFIER
control field mut
005 - DATE AND TIME OF LATEST TRANSACTION
control field 20240606081323.0
008 - FIXED-LENGTH DATA ELEMENTS--GENERAL INFORMATION
fixed length control field 171205b xxu||||| |||| 00| 0 eng d
020 ## - INTERNATIONAL STANDARD BOOK NUMBER
International Standard Book Number 9780470840320
040 ## - CATALOGING SOURCE
Transcribing agency mut
050 ## - LIBRARY OF CONGRESS CALL NUMBER
Classification number LB1051
Item number .E38 2008
100 ## - MAIN ENTRY--PERSONAL NAME
Personal name O`Donnell, Angela M.
245 ## - TITLE STATEMENT
Title Educational psychology:
Remainder of title reflection for action
250 ## - EDITION STATEMENT
Edition statement Canadian ed.
260 ## - PUBLICATION, DISTRIBUTION, ETC.
Place of publication, distribution, etc. Canada
Name of publisher, distributor, etc. John Wiley
Date of publication, distribution, etc. c2008
650 ## - SUBJECT ADDED ENTRY--TOPICAL TERM
Topical term or geographic name entry element Educational psychology
Form subdivision Textbooks
700 ## - ADDED ENTRY--PERSONAL NAME
Personal name D`Amico, Miranda
700 ## - ADDED ENTRY--PERSONAL NAME
Personal name Schmid, Richard F.
700 ## - ADDED ENTRY--PERSONAL NAME
Personal name Reeve, Johnmarshall
700 ## - ADDED ENTRY--PERSONAL NAME
Personal name Smith, Jeffrey K.
942 ## - ADDED ENTRY ELEMENTS (KOHA)
Source of classification or shelving scheme Library of Congress Classification
Koha item type Books
Holdings
Withdrawn status Lost status Source of classification or shelving scheme Damaged status Not for loan Home library Current library Shelving location Date acquired Source of acquisition Total checkouts Full call number Barcode Date last seen Price effective from Koha item type
    Library of Congress Classification     Murang'a University of Technology Library Murang'a University of Technology Library General stacks 05/12/2017 Donation-TFC   LB1051 .E38 2008 017441 30/08/2024 05/12/2017 Books